000 00581nam a22001697a 4500
005 20251108164247.0
008 250721s1981 xx 000 0 ara d
082 1 4 _a350,0009565/عمر
100 1 _aالشوبكي، عمر محمد مرشد
245 1 0 _aدراسات و أبحاث مبادىء الرقابة على أعمال الإدارة العامة في الأردن /
264 1 _aعمان :
_bمعهد الأدارة العامة،
_c1981.
300 _a216ص
650 1 7 _aالإدارة العامة
650 1 7 _aالأردن
942 _2ddc
_cBK
999 _c7746
_d7746